[Event "Berlin Lichtenrade op 13th"]
[Site "Berlin"]
[Date "2017.11.05"]
[Round "9"]
[White "Knudsen, Jesper"]
[Black "Kather, Yannick"]
[Result "1/2-1/2"]
[WhiteElo "2081"]
[BlackElo "2040"]
[PlyCount "33"]
[EventDate "2017.10.28"]
[EventType "swiss"]
[EventRounds "9"]
[EventCountry "GER"]
[SourceTitle "CBM 181 Extra"]
[Source "ChessBase"]
[SourceDate "2017.12.12"]
[SourceVersion "1"]
[SourceVersionDate "2017.12.12"]
[SourceQuality "1"]

1. e4 c5 2. Nf3 Nc6 3. d4 cxd4 4. Nxd4 g6 5. c4 Nf6 6. Nc3 d6 7. Be2 Nxd4 8. Qxd4 Bg7 9. Be3 0-0 10. Qd2 Be6 11. 0-0 a6 12. f3 Rc8 13. Nd5 Nd7 14. Rac1 Bxd5 15. cxd5 Nc5 16. b4 Na4 17. Rxc8 1/2-1/2

[Event "Berlin Lichtenrade op 13th"]
[Site "Berlin"]
[Date "2017.11.04"]
[Round "8"]
[White "Mueller, Nick"]
[Black "Knudsen, Jesper"]
[Result "1-0"]
[WhiteElo "2268"]
[BlackElo "2081"]
[PlyCount "55"]
[EventDate "2017.10.28"]
[EventType "swiss"]
[EventRounds "9"]
[EventCountry "GER"]
[SourceTitle "CBM 181 Extra"]
[Source "ChessBase"]
[SourceDate "2017.12.12"]
[SourceVersion "1"]
[SourceVersionDate "2017.12.12"]
[SourceQuality "1"]

1. Nf3 c5 2. c4 Nc6 3. Nc3 g6 4. e3 Nf6 5. d4 cxd4 6. exd4 Bg7 7. d5 Nb8 8. Be2 0-0 9. 0-0 d6 10. h3 Na6 11. Be3 Nc5 12. Bd4 b6 13. Re1 Bb7 14. b4 e5 15. Bxc5 dxc5 16. bxc5 bxc5 17. Rb1 Rb8 18. Qa4 a6 19. Rb3 Qe7 20. Nd2 Rbd8 21. Qa5 Rd7 22. Bf3 Bc8 23. Na4 Bh6 24. Nf1 Rc7 25. d6 Qxd6 26. Rb6 Qd8 27. Rxf6 Bd7 28. Rd6 1-0

[Event "Horsens Lang Weekend"]
[Site "Horsens"]
[Date "2017.07.16"]
[Round "7"]
[White "Stage Steffensen, Sander"]
[Black "Knudsen, Jesper"]
[Result "1/2-1/2"]
[WhiteElo "1897"]
[BlackElo "2056"]
[PlyCount "35"]
[EventDate "2017.07.13"]
[EventType "swiss"]
[EventRounds "7"]
[EventCountry "DEN"]
[SourceTitle "EXT 2018"]
[Source "ChessBase"]
[SourceDate "2017.10.13"]
[SourceVersion "1"]
[SourceVersionDate "2017.10.13"]
[SourceQuality "1"]

1. e4 e6 2. d3 d5 3. Nd2 c5 4. Ngf3 Nc6 5. g3 Nf6 6. Bg2 b5 7. 0-0 Be7 8. Re1 Bb7 9. exd5 exd5 10. Nf1 0-0 11. h4 d4 12. Ne5 Rc8 13. Nh2 Rc7 14. Nhf3 Nxe5 15. Nxe5 Bxg2 16. Kxg2 Qd5+ 17. Qf3 Qxf3+ 18. Nxf3 1/2-1/2

[Event "Horsens Lang Weekend"]
[Site "Horsens"]
[Date "2017.07.13"]
[Round "2"]
[White "Knudsen, Jesper"]
[Black "Pedersen, Nicolai Kvist Brond"]
[Result "0-1"]
[WhiteElo "2056"]
[BlackElo "2229"]
[PlyCount "55"]
[EventDate "2017.07.13"]
[EventType "swiss"]
[EventRounds "7"]
[EventCountry "DEN"]
[SourceTitle "EXT 2018"]
[Source "ChessBase"]
[SourceDate "2017.10.13"]
[SourceVersion "1"]
[SourceVersionDate "2017.10.13"]
[SourceQuality "1"]

1. e4 c6 2. d4 d5 3. e5 Bf5 4. Nf3 e6 5. Be2 Bg6 6. Nbd2 Ne7 7. Nh4 Nf5 8. Nxg6 hxg6 9. Nf3 c5 10. c3 Nc6 11. 0-0 Qb6 12. dxc5 Bxc5 13. g3 a5 14. Qa4 0-0 15. Qg4 d4 16. Qe4 Rfd8 17. Kg2 Rd7 18. Rb1 Rad8 19. Bg5 Be7 20. Rfd1 Bxg5 21. Nxg5 Qc5 22. Nf3 dxc3 23. Rdc1 Nfd4 24. Rxc3 Qe7 25. Re1 Qb4 26. Ng5 Qxb2 27. Rxc6 Nxc6 28. Bc4 0-1

[Event "DEN-ch Blitz final Gr 1"]
[Site "Svendborg"]
[Date "2016.03.25"]
[Round "6"]
[White "Moller, Leif"]
[Black "Knudsen, Jesper"]
[Result "0-1"]
[WhiteElo "2111"]
[BlackElo "2087"]
[PlyCount "68"]
[EventDate "2016.03.25"]
[EventType "tourn (blitz)"]
[EventRounds "7"]
[EventCountry "DEN"]
[SourceTitle "EXT 2023"]
[Source "ChessBase"]
[SourceDate "2022.10.05"]
[SourceVersion "1"]
[SourceVersionDate "2022.10.05"]
[SourceQuality "1"]

1. d4 Nf6 2. g3 g6 3. Bg2 Bg7 4. c4 0-0 5. Nc3 d6 6. e4 c6 7. Nf3 Qa5 8. 0-0 Qh5 9. Ng5 Qxd1 10. Rxd1 e5 11. d5 c5 12. Nb5 Ne8 13. f4 a6 14. Nc3 h6 15. Nf3 Nd7 16. fxe5 Nxe5 17. Nxe5 Bxe5 18. Bxh6 Ng7 19. Rf1 Bd7 20. a4 b6 21. Rab1 Rab8 22. Ne2 Bxa4 23. b3 Bd7 24. Bf4 Rfe8 25. Bxe5 Rxe5 26. Rf6 Ne8 27. Rf4 f5 28. Rbf1 Nf6 29. Bh3 Rbe8 30. Nc3 Nxe4 31. Nxe4 Rxe4 32. g4 fxg4 33. Rf7 Bf5 34. Bg2 Kxf7 0-1

[Event "DEN-ch G5-1"]
[Site "Odense"]
[Date "2011.04.23"]
[Round "3"]
[White "Knudsen, Jesper"]
[Black "Svane, Henrik"]
[Result "1/2-1/2"]
[WhiteElo "2040"]
[BlackElo "2108"]
[PlyCount "66"]
[EventDate "2011.04.21"]
[EventType "swiss"]
[EventRounds "5"]
[EventCountry "DEN"]
[SourceTitle "EXT 2018"]
[Source "ChessBase"]
[SourceDate "2017.10.13"]
[SourceVersion "1"]
[SourceVersionDate "2017.10.13"]
[SourceQuality "1"]

1. e4 e6 2. d4 d5 3. Nc3 Bb4 4. e5 c5 5. a3 Bxc3+ 6. bxc3 Ne7 7. a4 Qa5 8. Qd2 b6 9. Bb5+ Bd7 10. Bxd7+ Nxd7 11. Nf3 Rc8 12. 0-0 cxd4 13. cxd4 Qxd2 14. Bxd2 0-0 15. Bb4 Rfe8 16. a5 Rxc2 17. axb6 axb6 18. Bxe7 Rxe7 19. Ra8+ Nf8 20. Rb8 Rc6 21. g3 Ra7 22. Rb1 Ra6 23. Rb3 f6 24. Nh4 f5 25. Rf3 g6 26. g4 Ra7 27. gxf5 gxf5 28. Rb3 Rg7+ 29. Kf1 Rg4 30. Nf3 Rc1+ 31. Ke2 Rc2+ 32. Kf1 Rc1+ 33. Ke2 Rc2+ 1/2-1/2

[Event "Ronne Jubilaum"]
[Site "Ronne"]
[Date "2001.06.25"]
[Round "3"]
[White "Henrichsen, Jens"]
[Black "Knudsen, Jesper"]
[Result "1/2-1/2"]
[WhiteElo "2051"]
[BlackElo "1617"]
[PlyCount "60"]
[EventDate "2001.06.24"]
[EventType "swiss"]
[EventRounds "9"]
[EventCountry "DEN"]
[SourceTitle "EXT 2023"]
[Source "ChessBase"]
[SourceDate "2022.10.05"]
[SourceVersion "1"]
[SourceVersionDate "2022.10.05"]
[SourceQuality "1"]

1. d4 Nf6 2. c4 c5 3. d5 b5 4. cxb5 a6 5. bxa6 Bxa6 6. Nc3 g6 7. e4 Bxf1 8. Kxf1 d6 9. g3 Bg7 10. Kg2 Nbd7 11. Nf3 Qb6 12. h3 0-0 13. Re1 Rfb8 14. Re2 c4 15. Be3 Nc5 16. Nd4 Nfd7 17. Nc6 Re8 18. Rb1 Qa6 19. Bd4 Nd3 20. Bxg7 Kxg7 21. b4 cxb3 22. axb3 N3e5 23. b4 Nxc6 24. b5 Qa5 25. dxc6 Qxc3 26. cxd7 Red8 27. Qd5 Rab8 28. Re3 Qc2 29. Qd4+ e5 30. Qb4 Rxd7 1/2-1/2